Jesukristo / (Record no. 141415)
[ view plain ]
| 000 -LEADER | |
|---|---|
| campo de control de longitud fija | 00649nam a2200217 i 4500 |
| 001 - NÚMERO DE CONTROL | |
| campo de control | 141415 |
| 003 - IDENTIFICADOR DE NÚMERO DE CONTROL | |
| campo de control | ES-MaACL |
| 005 - FECHA Y HORA DE LA ÚLTIMA TRANSACCIÓN | |
| campo de control | 20230906200305.0 |
| 007 - CAMPO FIJO DE DESCRIPCIÓN FÍSICA--INFORMACIÓN GENERAL | |
| campo de control de longitud fija | t| |
| 008 - DATOS DE LONGITUD FIJA--INFORMACIÓN GENERAL | |
| campo de control de longitud fija | 070924s1969 sp ||||1| baq d |
| 080 ## - NÚMERO DE LA CLASIFICACIÓN DECIMAL UNIVERSAL | |
| Número de la Clasificación Decimal Universal | 232 |
| 100 1# - ENTRADA PRINCIPAL--NOMBRE DE PERSONA | |
| Nombre de persona | Villasante, Luis. |
| 9 (RLIN) | 115152 |
| 245 10 - MENCIÓN DEL TÍTULO | |
| Título | Jesukristo / |
| Mención de responsabilidad, etc. | Luis Villasante. |
| 260 ## - PUBLICACIÓN, DISTRIBUCIÓN, ETC. | |
| Lugar de publicación, distribución, etc. | [San Sebastián] : |
| Nombre del editor, distribuidor, etc. | Sociedad Guipúzcoana de Ediciones y Publicaciones, |
| Fecha de publicación, distribución, etc. | [1969] |
| 300 ## - DESCRIPCIÓN FÍSICA | |
| Extensión | 431 p. ; |
| Dimensiones | 24 cm. |
| 490 1# - MENCIÓN DE SERIE | |
| Mención de serie | Kristau Fedearen Sustraiak ; |
| Designación de volumen o secuencia | 2 |
| 600 14 - PUNTO DE ACCESO ADICIONAL DE MATERIA--NOMBRE DE PERSONA | |
| Nombre de persona | Jesucristo. |
| 9 (RLIN) | 66361 |
| 830 0# - PUNTO DE ACCESO ADICIONAL DE SERIE-TÍTULO UNIFORME | |
| Título uniforme | Kristau Fedearen Sustraiak ; |
| Designación de volumen o secuencia | 2 |
| 9 (RLIN) | 220410 |
| 852 ## - LOCALIZACIÓN | |
| Ubicación | ES-MaACL |
| Número de control de estantería | C-46112 |
| Sublocalización o colección | R.69220 |
| Estatus retirado | Estado de pérdida | Estado de daño | No para préstamo | Biblioteca de origen | Biblioteca actual | Ubicación en estantería | Fecha de adquisición | Fuente de adquisición | Total de préstamos | Signatura topográfica completa | Código de barras | Visto por última vez | Precio de reemplazo | Tipo de ítem Koha |
|---|---|---|---|---|---|---|---|---|---|---|---|---|---|---|
| Biblioteca del Ateneo de Madrid | Biblioteca del Ateneo de Madrid | Depósito 2 | 17/01/2008 | C-46112 | 1147146 | 23/02/2023 | 23/02/2023 | Libro impreso |
